Panśtwa kończące się na ,,u'' - Statystyki

Ogólne statystyki
  • Ten quiz został rozwiązany 116 razy
  • Średni wynik to 5 z 6
Statystyki odpowiedzi
Hint Odpowiedź % Poprawnych
A. Południowa Peru
89%
Oceania Nauru
81%
Oceania Vanuatu
81%
Oceania Palau
80%
Oceania Tuvalu
76%
Afryka Gwinea Bissau
43%
Nie znaleziono quizów pasujących do podanych kryteriów
Rozkład punktacji
Procent ludzi z każdym wynikiem
Percentyl według liczby udzielonych odpowiedzi
Twoja historia wyników
Nie rozwiązałeś tego quizu